Movies in Spanish - Statistics

General Stats
  • This quiz has been taken 30 times
  • The average score is 5 of 8
Answer Stats
Latin America name Actual name translation Answer % Correct
Mi Primer Beso Mi Chica My Girl
92%
Sueños De Libertad/Sueño De Fuga La Redención De Shawshank The Shawshank Redemption
72%
Cara De Guerra/Nacido Para Matar La Chaqueta Metálica Full Metal Jacket
68%
Alucinaciones Del Pasado La Escalera de Jacob Jacob's Ladder
68%
Cuestión De Honor Unos Cuantos Hombres Buenos A Few Good Men
64%
Corazón Diabólico Corazón De Ángel Angel Heart
56%
S.O.S. Vecinos Al Ataque Los Su(burbios) The 'Burbs
32%
El Último Inmortal Habitante De Tierra Alta Highlander
20%
No matching quizzes found
Score Distribution
Percent of People with Each Score
Percentile by Number Answered
Your Score History
You have not taken this quiz